| 000 | 00895nam a2200265 i 4500 | ||
|---|---|---|---|
| 003 | EG-GICUC | ||
| 005 | 20260430092216.0 | ||
| 008 | 260430s1929 fr ||||f |||| 00| 0 fre d | ||
| 040 |
_aEG-GiCUC _bfre _cEG-GiCUC _dEG-GiCUC _eRda |
||
| 043 | _ae-fr--- | ||
| 082 | 0 | 4 |
_221 _a343.353 |
| 092 | 0 | 4 | _221 |
| 099 | _aLaw1 10 343.353 MO .R 1929 1010082 C1 | ||
| 100 | 1 |
_aMohamed Zaki _eAuteur |
|
| 245 |
_aLe rôle des laboratoires de police technique au point de vue de la police judiciaire et de l'instruction préparatoire / _cPar Mohamed Zaki. |
||
| 300 |
_a205 pages ; _c24 cm |
||
| 336 |
_2rda contenu _a texte |
||
| 337 |
_2rda medias _aOrdinateur |
||
| 338 |
_2 transporteur rda _a Ressource en ligne |
||
| 650 | 1 |
_aCriminal investigation _zFrance _2qrmak |
|
| 651 | 1 | _2qrmak | |
| 856 | 4 | 0 | _uhttps://fll.law.cu.edu.eg/fulltext/bks/B10-10082.pdf |
| 905 | _a162 | ||
| 942 |
_2ddc _cBK _e21 _n0 |
||
| 999 |
_c74406 _d74406 |
||